[Event "CUB-ch U18"]
[Site "Pinar del Rio"]
[Date "2019.07.02"]
[Round "8"]
[White "Alvarez Calzadilla, Jose Avelino"]
[Black "Gallar Tamayo, Abel"]
[Result "1/2-1/2"]
[WhiteElo "2239"]
[BlackElo "2167"]
[PlyCount "61"]
[EventDate "2019.06.28"]
[EventType "swiss"]
[EventRounds "9"]
[EventCountry "CUB"]
[SourceTitle "CBM 195 Extra"]
[Source "ChessBase"]
[SourceDate "2020.05.31"]
[SourceVersion "1"]
[SourceVersionDate "2020.05.31"]
[SourceQuality "1"]

1. d4 d5 2. c4 c6 3. cxd5 cxd5 4. Nc3 Nf6 5. Nf3 Nc6 6. Bf4 Bf5 7. e3 a6 8. Bd3 Bxd3 9. Qxd3 e6 10. 0-0 Bd6 11. Bxd6 Qxd6 12. a3 0-0 13. Rac1 b5 14. b4 Ra7 15. Rc2 Rc7 16. Rfc1 Rfc8 17. Nb1 Ne7 18. Rxc7 Rxc7 19. Rxc7 Qxc7 20. Qc3 Qxc3 21. Nxc3 Nc8 22. Nd2 Nb6 23. Nb3 Ne8 24. Nc5 Nc7 25. a4 Nc8 26. axb5 axb5 27. Kf1 Ne7 28. Ke2 Nc6 29. Nd3 f6 30. f4 Kf7 31. Kd2 1/2-1/2

[Event "CUB-ch U18"]
[Site "San Nicolas de Bari"]
[Date "2018.06.14"]
[Round "3"]
[White "Gallar Tamayo, Abel"]
[Black "Albornoz Cabrera, Carlos Daniel"]
[Result "0-1"]
[WhiteElo "2188"]
[BlackElo "2528"]
[PlyCount "70"]
[EventDate "2018.06.13"]
[EventType "swiss"]
[EventRounds "9"]
[EventCountry "CUB"]
[SourceTitle "EXT 2021"]
[Source "ChessBase"]
[SourceDate "2020.10.23"]
[SourceVersion "1"]
[SourceVersionDate "2020.10.23"]
[SourceQuality "1"]

1. e4 c5 2. Nf3 d6 3. d4 cxd4 4. Nxd4 Nf6 5. Nc3 a6 6. Bg5 Nbd7 7. f4 Qc7 8. Qf3 h6 9. Bh4 g5 10. fxg5 hxg5 11. Bg3 Ne5 12. Bxe5 dxe5 13. Nf5 g4 14. Qf2 Bxf5 15. Qxf5 Bh6 16. Be2 Bf4 17. Nd5 Nxd5 18. exd5 Qa5+ 19. c3 Qxd5 20. Qxg4 Qd2+ 21. Kf1 Qxb2 22. Rd1 Qxc3 23. Qd7+ Kf8 24. Qxb7 Re8 25. Qxa6 Rh6 26. Qd3 Qc5 27. g3 Rf6 28. Kg2 Bxg3 29. Qh7 Qc6+ 30. Kxg3 Rg6+ 31. Kf2 Qg2+ 32. Ke3 Qg5+ 33. Kf2 Qf5+ 34. Ke3 Qf4+ 35. Kd3 Qd4+ 0-1

[Event "Tomas Aguilera Angelino Memorial"]
[Site "Ciego de Avila"]
[Date "2018.04.09"]
[Round "8"]
[White "Solares Orozco, Kebert"]
[Black "Gallar Tamayo, Abel"]
[Result "0-1"]
[WhiteElo "2199"]
[BlackElo "2150"]
[PlyCount "72"]
[EventDate "2018.04.05"]
[EventType "swiss"]
[EventRounds "9"]
[EventCountry "CUB"]
[SourceTitle "EXT 2021"]
[Source "ChessBase"]
[SourceDate "2020.10.23"]
[SourceVersion "1"]
[SourceVersionDate "2020.10.23"]
[SourceQuality "1"]

1. d4 e6 2. c4 d5 3. Nf3 Nf6 4. g3 Be7 5. Bg2 0-0 6. 0-0 c6 7. Qc2 Nbd7 8. b3 b6 9. Nbd2 Bb7 10. Bb2 Rc8 11. e4 dxe4 12. Ng5 c5 13. Ngxe4 Nxe4 14. Nxe4 cxd4 15. Bxd4 f5 16. Nd6 Bxg2 17. Nxc8 Bxf1 18. Nxe7+ Qxe7 19. Rxf1 e5 20. Bb2 e4 21. Qc3 Nf6 22. Rd1 Qf7 23. b4 f4 24. gxf4 Nh5 25. Kh1 Qxf4 26. Rg1 Rf7 27. Rg2 Nf6 28. h3 Rd7 29. c5 Rd3 30. Qc2 Rxh3+ 31. Kg1 Qh4 32. Kf1 Rh1+ 33. Ke2 Qh5+ 34. Kd2 e3+ 35. Kxe3 Re1+ 36. Kd4 Qd5+ 0-1

[Event "Tomas Aguilera Angelino Memorial"]
[Site "Ciego de Avila"]
[Date "2018.04.06"]
[Round "3"]
[White "Cabrera Gonzalez, Maximo Ariel"]
[Black "Gallar Tamayo, Abel"]
[Result "1-0"]
[WhiteElo "2056"]
[BlackElo "2150"]
[PlyCount "67"]
[EventDate "2018.04.05"]
[EventType "swiss"]
[EventRounds "9"]
[EventCountry "CUB"]
[SourceTitle "EXT 2021"]
[Source "ChessBase"]
[SourceDate "2020.10.23"]
[SourceVersion "1"]
[SourceVersionDate "2020.10.23"]
[SourceQuality "1"]

1. e4 e6 2. d4 d5 3. Nd2 Nf6 4. e5 Nfd7 5. Bd3 c5 6. c3 Nc6 7. Ne2 cxd4 8. cxd4 f6 9. Nf4 Nxd4 10. Qh5+ Ke7 11. Ng6+ hxg6 12. exf6+ Nxf6 13. Qxh8 Kf7 14. 0-0 e5 15. Nb3 Nxb3 16. axb3 Be6 17. Bg5 e4 18. Be2 Qb6 19. Rac1 Rd8 20. Qh4 Be7 21. Qg3 Rd7 22. h4 d4 23. h5 gxh5 24. Bxf6 Bxf6 25. Bxh5+ Kf8 26. Qg6 Bf7 27. Rc8+ Bd8 28. Qxe4 Qe6 29. Qf3 Qd5 30. Qxd5 Bxd5 31. Re1 Bf7 32. Bxf7 Kxf7 33. Rd1 Bf6 34. Rd3 1-0

[Event "Bayamo Cespedes tt"]
[Site "Bayamo"]
[Date "2018.03.04"]
[Round "7.3"]
[White "Lores Pulgares, Felix"]
[Black "Gallar Tamayo, Abel"]
[Result "1/2-1/2"]
[WhiteElo "2158"]
[BlackElo "2126"]
[PlyCount "35"]
[EventDate "2018.03.01"]
[EventType "team-tourn"]
[EventRounds "10"]
[EventCountry "CUB"]
[EventCategory "1"]
[SourceTitle "CBM 195 Extra"]
[Source "ChessBase"]
[SourceDate "2020.05.31"]
[SourceVersion "1"]
[SourceVersionDate "2020.05.31"]
[SourceQuality "1"]

1. e4 e6 2. d4 d5 3. Nd2 c5 4. exd5 Qxd5 5. Ngf3 cxd4 6. Bc4 Qd8 7. 0-0 Nf6 8. Nb3 Nc6 9. Nbxd4 Nxd4 10. Nxd4 Bc5 11. Nb3 Bd6 12. Bb5+ Bd7 13. Bxd7+ Qxd7 14. Qe2 Qc7 15. h3 0-0 16. Nd4 a6 17. c4 Rac8 18. b3 1/2-1/2

[Event "Bayamo Cespedes tt"]
[Site "Bayamo"]
[Date "2018.03.03"]
[Round "5.3"]
[White "Charon Mustelier, Manuel"]
[Black "Gallar Tamayo, Abel"]
[Result "1/2-1/2"]
[WhiteElo "2149"]
[BlackElo "2126"]
[PlyCount "42"]
[EventDate "2018.03.01"]
[EventType "team-tourn"]
[EventRounds "10"]
[EventCountry "CUB"]
[EventCategory "1"]
[SourceTitle "CBM 195 Extra"]
[Source "ChessBase"]
[SourceDate "2020.05.31"]
[SourceVersion "1"]
[SourceVersionDate "2020.05.31"]
[SourceQuality "1"]

1. e4 e6 2. d4 d5 3. Nc3 Bb4 4. e5 c5 5. Bd2 cxd4 6. Nb5 Bc5 7. b4 Be7 8. Nxd4 Nc6 9. Nxc6 bxc6 10. Qg4 g6 11. Nf3 h5 12. Qf4 Qb6 13. Bd3 Ba6 14. 0-0 Nh6 15. Rab1 Bxd3 16. cxd3 Nf5 17. a4 Bf8 18. b5 Bh6 19. Qb4 c5 20. Qb2 Bxd2 21. Qxd2 0-0 1/2-1/2

[Event "CUB School-chT"]
[Site "Santa Clara"]
[Date "2017.07.14"]
[Round "4.4"]
[White "Lores Pulgares, Felix"]
[Black "Gallar Tamayo, Abel"]
[Result "0-1"]
[WhiteElo "2135"]
[BlackElo "2188"]
[PlyCount "56"]
[EventDate "2017.07.13"]
[EventType "team-swiss"]
[EventRounds "9"]
[EventCountry "CUB"]
[SourceTitle "EXT 2023"]
[Source "ChessBase"]
[SourceDate "2022.10.05"]
[SourceVersion "1"]
[SourceVersionDate "2022.10.05"]
[SourceQuality "1"]

1. c4 c6 2. Nf3 d5 3. e3 g6 4. Be2 Bg7 5. 0-0 Nf6 6. d3 0-0 7. Nbd2 Re8 8. Rb1 e5 9. e4 Nbd7 10. Qc2 Nf8 11. Nb3 dxe4 12. dxe4 Nxe4 13. Bd3 Nf6 14. Bg5 Qc7 15. Nfd2 Ne6 16. Bxf6 Bxf6 17. g3 Bg7 18. c5 Rd8 19. Bc4 b5 20. cxb6 axb6 21. Rbc1 c5 22. Ne4 Ba6 23. a4 Nd4 24. Nxd4 Bxc4 25. Rfd1 exd4 26. Qxc4 Qc6 27. Ng5 Qd5 28. Qxd5 Rxd5 0-1

[Event "Bayamo Cespedes Memorial-D"]
[Site "Bayamo"]
[Date "2017.03.06"]
[Round "8.1"]
[White "Gallar Tamayo, Abel"]
[Black "Rodriguez Turino, Ladislao"]
[Result "1/2-1/2"]
[WhiteElo "2166"]
[BlackElo "2229"]
[PlyCount "52"]
[EventDate "2017.03.01"]
[EventType "tourn"]
[EventRounds "10"]
[EventCountry "CUB"]
[SourceTitle "EXT 2023"]
[Source "ChessBase"]
[SourceDate "2022.10.05"]
[SourceVersion "1"]
[SourceVersionDate "2022.10.05"]
[SourceQuality "1"]

1. e4 e5 2. Nf3 Nc6 3. Bb5 a6 4. Ba4 Nf6 5. Qe2 b5 6. Bb3 Bc5 7. d3 d6 8. c3 0-0 9. 0-0 Re8 10. Bg5 h6 11. Bh4 Be6 12. Bc2 d5 13. Nbd2 d4 14. Nb3 Be7 15. Bg3 dxc3 16. bxc3 Bd6 17. Rfe1 Nh5 18. Rad1 Nxg3 19. hxg3 Bg4 20. d4 Qc8 21. d5 Nb8 22. c4 Nd7 23. Bd3 b4 24. Qe3 c5 25. Ra1 a5 26. a4 Nb6 1/2-1/2

[Event "Camaguey 503 op"]
[Site "Camaguey"]
[Date "2017.02.05"]
[Round "8.4"]
[White "Gallar Tamayo, Abel"]
[Black "Perez Leiva, Jerzy Jesus"]
[Result "0-1"]
[WhiteElo "2093"]
[BlackElo "2238"]
[PlyCount "78"]
[EventDate "2017.02.01"]
[EventType "swiss"]
[EventRounds "9"]
[EventCountry "CUB"]
[SourceTitle "EXT 2023"]
[Source "ChessBase"]
[SourceDate "2022.10.05"]
[SourceVersion "1"]
[SourceVersionDate "2022.10.05"]
[SourceQuality "1"]

1. e4 c5 2. Nf3 Nc6 3. d4 cxd4 4. c3 Nf6 5. Bd3 dxc3 6. Nxc3 d6 7. h3 g6 8. Bc4 Bg7 9. 0-0 0-0 10. Bg5 h6 11. Be3 a6 12. Qd2 Kh7 13. Rac1 Qa5 14. Qe2 Be6 15. Bd3 Rac8 16. Nd2 Qh5 17. Qe1 Ne5 18. Be2 Qh4 19. Qd1 Nc4 20. Nxc4 Bxc4 21. f4 Bxe2 22. Qxe2 Qh5 23. Rf3 Nd7 24. Qd2 Rc7 25. Nd5 Rxc1+ 26. Qxc1 e6 27. Qe1 f5 28. exf5 Qxf5 29. Nc3 Nc5 30. Qd2 Qd3 31. Rf2 Qxd2 32. Rxd2 Bxc3 33. bxc3 Ne4 34. Rd4 d5 35. c4 Ng3 36. Kf2 Nf5 37. Rd2 Rd8 38. cxd5 exd5 39. g4 d4 0-1